00600 2200217 4500001002100000005001500021035002000036245006600056100001500122250002000137300002500157856003600182700002600218260003900244082001000283084002000293020002200313600001500335990001600350990001600366INLIS00000000000062320200313062244 a0010-03200001921 aEnsiklopedi Presiden Republik indonesia HABIBIE /cAde Makruf0 aAde Makruf aCetakan Pertama a228 hlm ;c14 x 21cm aPerpustakaan Umum Kota Makassar0 aRose Kusumaning Ratri aYogyakarta :bAR-RUZZ MEDIA,c2017 a920.3 a920.3 ADE e/III a978-602-7874-96-1 4aAde Makruf a00000001206 a00000001207